skbl

Dr Suryya Kumar Bhuyan Library Web-OPAC
ডঃ সূৰ্য্য
কুমাৰ ভূঞা পুথিভঁৰাল ৱেব-অ'পেক

All Research Scholars are advised to clear the annual library fees to continue using Library Resources, Remote Access, Plagiarism Test and Library Clearance.

Cotton University Book Fair 2026

A History of the English Language / (Record no. 5934)

MARC details
000 -LEADER
fixed length control field 01039nam a2200409Ia 4500
001 - CONTROL NUMBER
control field 5947
005 - DATE AND TIME OF LATEST TRANSACTION
control field 20240113233856.0
007 - PHYSICAL DESCRIPTION FIXED FIELD--GENERAL INFORMATION
fixed length control field ta
008 - FIXED-LENGTH DATA ELEMENTS--GENERAL INFORMATION
fixed length control field 050623s1978 a g b000 u eng u
020 ## - INTERNATIONAL STANDARD BOOK NUMBER
Terms of availability PB
040 ## - CATALOGING SOURCE
Original cataloging agency Cotton College,Assam
041 ## - LANGUAGE CODE
Language code of text/sound track or separate title eng
082 ## - DEWEY DECIMAL CLASSIFICATION NUMBER
Classification number 420
Item number Ba 323 Hi
082 ## - DEWEY DECIMAL CLASSIFICATION NUMBER
Classification number 820.9
Item number Ba 326 Hi
100 ## - MAIN ENTRY--PERSONAL NAME
Personal name Baugh, Albert C. .
245 #0 - TITLE STATEMENT
Title A History of the English Language /
Statement of responsibility, etc. Albert C. Baugh.
Medium Textual Documents
250 ## - EDITION STATEMENT
Edition statement 2nd ed. /
260 ## - PUBLICATION, DISTRIBUTION, ETC.
Place of publication, distribution, etc. New Delhi :
Name of publisher, distributor, etc. Allied chambers ( India ) limited ,
Date of publication, distribution, etc. 1978.
300 ## - PHYSICAL DESCRIPTION
Extent xiii, 506p. :
Other physical details ill. ;
Dimensions 22cm .
504 ## - BIBLIOGRAPHY, ETC. NOTE
Bibliography, etc. note Index
653 ## - INDEX TERM--UNCONTROLLED
Uncontrolled term English language-History
653 ## - INDEX TERM--UNCONTROLLED
Uncontrolled term PG-English
653 ## - INDEX TERM--UNCONTROLLED
Uncontrolled term English Literature-Criticism
653 ## - INDEX TERM--UNCONTROLLED
Uncontrolled term G-English
653 ## - INDEX TERM--UNCONTROLLED
Uncontrolled term MS-English
653 ## - INDEX TERM--UNCONTROLLED
Uncontrolled term G-Languages
653 ## - INDEX TERM--UNCONTROLLED
Uncontrolled term T/G-Language
942 ## - ADDED ENTRY ELEMENTS (KOHA)
Source of classification or shelving scheme Dewey Decimal Classification
Koha item type Books
Holdings
Withdrawn status Lost status Damaged status Not for loan Collection Home library Current library Date acquired Coded location qualifier Total checkouts Full call number Barcode Date last seen Copy number Price effective from Koha item type
          Dr. Suryya Kumar Bhuyan Library Dr. Suryya Kumar Bhuyan Library 01/02/2012 00000   420 Ba 323 Hi 80276 13/01/2024 1 01/02/2012 Books
          Dr. Suryya Kumar Bhuyan Library Dr. Suryya Kumar Bhuyan Library 01/02/2012 00000   420 Ba 323 Hi 43481 13/01/2024 6 01/02/2012 Books
          Dr. Suryya Kumar Bhuyan Library Dr. Suryya Kumar Bhuyan Library 01/02/2012 00000   420 Ba 323 Hi 4715/New 13/01/2024 7 01/02/2012 Books
          Dr. Suryya Kumar Bhuyan Library Dr. Suryya Kumar Bhuyan Library 01/02/2012 00000   420 Ba 323 Hi 48648 13/01/2024 3 01/02/2012 Books
          Dr. Suryya Kumar Bhuyan Library Dr. Suryya Kumar Bhuyan Library 01/02/2012 00000   420 Ba 323 Hi 58878 13/01/2024 2 01/02/2012 Books
          Dr. Suryya Kumar Bhuyan Library Dr. Suryya Kumar Bhuyan Library 01/02/2012 00000   420 Ba 323 Hi 68,320 13/01/2024 4 01/02/2012 Books
          Dr. Suryya Kumar Bhuyan Library Dr. Suryya Kumar Bhuyan Library 01/02/2012 00000   420 Ba 323 Hi 74332 13/01/2024 5 01/02/2012 Books

Designed and Maintained by Team SKBL
©1901-2026

Powered by Koha